000 01269nam a22002777a 4500
005 2011080406576.0
008 090728t xxu||||| |||| 00| 0 pun d
010 _aPUN-7100
020 _c56.00
035 _aPN-6218
037 _bDBAD / PUB
040 _adpl
_bpn
082 _a260
100 _924414
_aਭੰਗੂ, ਰਤਨ ਸਿੰਘ
245 _aਸ੍ਰੀ ਗੁਰ ਪੰਥ ਪ੍ਰਕਾਸ਼ /
_bਰਤਨ ਸਿੰਘ ਭੰਗੂ, ਜੀਤ ਸਿੰਘ ਸੀਤਲ ਦ੍ਵਾਰਾ ਸੰਪਾਦਿਤ
246 _aSri Gur panth prakash
_bby Rattan Singh Bhangu
260 _aਅੰਮ੍ਰਿਤਸਰ
_bਸਿੱਖ ਇਤਿਹਾਸ ਰੀਸਰਚ ਬੋਰਢ (ਸ਼੍ਰੋਮਣੀ ਗੁਰਦੁਆਰਾ ਪ੍ਰਬੰਧਕ ਕਮੇਟੀ)
_c2005
270 _aS.G.P.C.
_bAmritsar
_e143002
300 4 _a483p.
_c22ਸੇਂਮੀ (ਸਜਿਲੱਦ)
600 _931401
650 _924431
_aਸਿੱਖ ਧਰਮ
650 _aSikh Religious
_935484
700 _935472
_aਜੀਤ ਸਿੰਘ ਸੀਤਲ
942 _2ddc
_cPN
_h260
_mਭੰਗੂਰ
999 _c57560
_d57560